000 00458nam a2200169 a 4500
001 000034925
005 20200930074005.0
008 111021s1969 xxk 000 0 spa d
040 _aDO-SdBNP
_bspa
_cBNPHU
082 _axxxx
_bM821p
100 1 _aMoore, Will G.
_960494
245 1 0 _aP. Corneille Horace /
_cWill G. Moore.
260 _aLondon :
_bBasil Blackwell,
_c1969.
300 _a74 p. ;
_c19 cm.
504 _aBibliografía : p. 67.
049 _aBNGR
999 _c34416
_d34416